El origen de la desigualdad entre los hombres

Ensayo filosófico en el que se cuestiona el origen de la desigualdad entre los seres humanos, si es esta por condiciones naturales o por razones de carácter social. Esta interrogante le conduce de algún modo preguntarse por la validez de los cánones legales y morales de la cultura moderna, pues, si...

Full description

Saved in:
Bibliographic Details
Main Author: Rousseau, Jean
Format: Book
Language:Undetermined
Published: México, Distrito Federal Grijalbo 1972
Subjects:
Tags: Add Tag
No Tags, Be the first to tag this record!

MARC

LEADER 00000nam a2200000Ia 4500
008 170316s9999 xx 000 0 und d
040 |a cru BVZT 
090 |a 100 R-41o 
100 |a Rousseau, Jean 
245 |a El origen de la desigualdad entre los hombres 
260 |a México, Distrito Federal 
260 |b Grijalbo 
260 |c 1972 
300 |a 158 páginas 
520 |a Ensayo filosófico en el que se cuestiona el origen de la desigualdad entre los seres humanos, si es esta por condiciones naturales o por razones de carácter social. Esta interrogante le conduce de algún modo preguntarse por la validez de los cánones legales y morales de la cultura moderna, pues, si el orden social que legitima la desigualdad entre nobleza, clero y siervos trabajadores (aún vigente en la época de Rousseau) no es así por naturaleza, las leyes que respaldan este orden (desigualdad legal) devienen inválidas, así como los cánones morales que de ahí se adquieren y normalizan. Rousseau llega a considerar ambos tipos de desigualdad: la de carácter fisiológico, producto de la edad o la fortaleza; pero también analiza la desigualdad social, que de algún modo se fundamenta en acuerdos políticos que conscientemente desembocan en desigualdad. 
650 |a FILOSOFÍA  |9 5 
999 |c 17485  |d 17485 
942 |c 4 D  |h 100 R-41o  |2 z